Ultimate Punk Band Quiz - Statistics

General Stats
  • This quiz has been taken 88 times
  • The average score is 55 of 301
Answer Stats
Answer Popular Release Year Formed % Correct
Green Day Dookie 1987
91%
Sex Pistols Never Mind the Bullocks, Here’s The ___ _______ 1975
86%
The Clash London Calling 1976
80%
Blink 182 Take Off Your Pants and Jacket 1992
77%
Ramones Rocket to Russia 1974
73%
My Chemical Romance The Black Parade 2001
70%
Dead Kennedys Fresh Fruit for Rotting Vegetables 1978
68%
The Offspring Smash 1984
68%
Bad Religion Suffer 1980
66%
NOFX Punk in Drublic 1983
63%
Black Flag Damaged 1976
61%
Misfits Earth A.D./Wolfs Blood 1977
61%
Sum 41 All Killer No Filler 1996
61%
Joy Division Unknown Pleasures 1976
59%
X Los Angeles 1977
59%
Descendents Milo Goes to College 1977
57%
Bad Brains Rock for Light 1977
55%
Rancid … And Out Come the Wolves 1991
54%
Minor Threat Salad Days 1980
52%
Pennywise Land of the Free? 1988
52%
The Stooges Raw Power 1967
52%
Paramore Riot! 2004
50%
All Allroy’s Revenge 1987
48%
The Fall Hex Induction Hour 1976
48%
Circle Jerks Group Sex 1979
46%
Fugazi Repeater 1987
46%
Jimmy Eat World Bleed American 1993
46%
Buzzcocks Singles Going Steady 1976
45%
Operation Ivy Energy 1987
45%
The Germs (GI) 1977
45%
Husker Du Zen Arcade 1979
43%
The Cure Disintegration 1978
43%
The Damned ______ ______ ______ 1976
43%
Against Me! Transgender Dysphoria Blues 1997
41%
Dirty Rotten Imbeciles Thrash Zone 1982
39%
Fall Out Boy From Under the Cork Tree 2001
39%
Stiff Little Fingers Inflammable Materials 1977
39%
Television Marquee Moon 1973
39%
AFI Sing the Sorrow 1991
38%
Agent Orange Living in Darkness 1979
38%
Anti-Flag The Terror State 1988
38%
Iggy Pop The Idiot 1977
38%
X-Ray Spex Germfree Adolescents 1976
38%
Devo Q: Are We Not Men? A: We Are _ _ _ _ 1973
36%
Discharge Hear Nothing, See Nothing. Say Nothing 1977
36%
Social Distortion Somewhere Between Heaven and Hell 1978
36%
Suicidal Tendencies How Will I Laugh Tomorrow When I Can’t Even Smile Today 1980
36%
The Exploited Beat the Bastards 1979
36%
Adolescents _ _ _ _ _ _ _ _ _ _ _ 1980
34%
Bikini Kill Pussy Whipped 1990
34%
Blondie Eat to the Beat 1974
34%
Crass Christ - The Album 1977
34%
Dead Boys Young, Loud, and Snotty 1976
34%
Generation X Kiss Me Deadly 1976
34%
The Vandals Hitler Bad, _ _ _ _ _ _ _ Good 1980
34%
Wire Pink Flag 1976
34%
Yellowcard Ocean Avenue 1997
32%
Agnostic Front Victim in Pain 1980
30%
Bauhaus Bela Lugosi’s Dead 1978
30%
GBH City Baby Attacked By Rats 1978
30%
Gorilla Biscuits Start Today 1987
30%
Minutemen Double Nickels on the Dime 1980
30%
Propagandhi How to Clean Everything 1986
30%
Refused The Shape of Punk to Come 1991
30%
Rise Against Siren Song of the Counter Culture 1999
30%
The Jam All Mod Cons 1972
30%
Reagan Youth A Collection of Pop Classics 1980
29%
The Cramps Bad Music for Bad People 1976
29%
The Dead Milkmen Beelzebubba 1983
29%
Dropkick Murphys The Warrior's Code 1996
27%
Gang of Four Entertainment! 1976
27%
Less Than Jake Hello Rockview 1992
27%
New Found Glory Sticks and Stones 1997
27%
The Adicts Songs of Praise 1975
27%
Converge Jane Doe 1990
25%
DOA Hardcore ‘81 1978
25%
Good Charlotte The Young and the Hopeless 1996
25%
Lagwagon Let’s Talk About Feelings 1990
25%
Richard Hell and The Voidoids Blank Generation 1976
25%
Simple Plan No Pads, No Helmets… Just Balls 1999
25%
Subhumans (UK) The Day the Country Died 1980
25%
Big Black Songs About Fucking 1981
23%
Fear The Record 1977
23%
Flogging Molly Drunken Lullabies 1997
23%
Jawbreaker 24 Hour Revenge Therapy 1986
23%
Sleater-Kinney Dig Me Out 1994
23%
The Adverts Crossing the Red Sea with The _ _ _ _ _ _ _ 1976
23%
Violent Femmes _______ ______ 1981
23%
All Time Low Don’t Panic 2003
21%
No Use For A Name Leche Con Carne! 1986
21%
Sham 69 Tell Us the Truth 1975
21%
Siouxsie and The Banshees Juju 1976
21%
The Stranglers No More Heroes 1974
21%
+44 When Your Heart Stops Beating 2005
20%
Butthole Surfers Electriclarryland 1981
20%
Cro-Mags The Age of Quarrel 1981
20%
Reel Big Fish Turn the Radio Off 1991
20%
Slint Spiderland 1986
20%
Sunny Day Real Estate Diary 1992
20%
Taking Back Sunday Tell All Your Friends 1999
20%
The Distillers Coral Fang 1998
20%
The Slits Cut 1976
20%
The Used Maybe Memories 2001
20%
Alkaline Trio Good Mourning 1996
18%
Angry Samoans Back From Samoa 1978
18%
Drive Like Jehu Yank Crime 1990
18%
Goldfinger Hang Ups 1994
18%
L7 Bricks are Heavy 1985
18%
Napalm Death Scum 1981
18%
Public Image Ltd The Flowers of Romance 1978
18%
The Dickies Incredible Shrinking _ _ _ _ _ _ _ 1977
18%
The Queers Beat Off 1981
18%
The Replacements Let It Be 1979
18%
The Saints Eternally Yours 1973
18%
The Undertones Hypnotised 1975
18%
TSOL Change Today? 1978
18%
UK Subs Another Kind of Blues 1976
18%
American Football ________ ________ 1997
16%
Bowling For Soup Drunk Enough to Dance 1994
16%
Choking Victim No Gods/No Managers 1992
16%
Guttermouth Covered With Ants 1988
16%
Melvins Houdini 1983
16%
Mission of Burma Vs. 1979
16%
NomeansNo Wrong 1979
16%
The Bouncing Souls Anchors Aweigh 1989
16%
The Heartbreakers L.A.M.F 1975
16%
The Specials Too Much, Too Young 1977
16%
Turnstile Glow On 2010
16%
Wipers Youth of America 1977
16%
7 Seconds Walk Together, Rock Together 1980
14%
Bratmobile Pottymouth 1991
14%
Flipper Album - Generic _ _ _ _ _ _ _ 1979
14%
Killing Joke Night Time 1978
14%
MDC ________ __ ____ ____ 1979
14%
MxPx Life in General 1992
14%
Sick of it All Scratch the Surface 1986
14%
Thursday War All the Time 1997
14%
Zero Boys Vicious Circle 1979
14%
A Day To Remember Homesick 2003
13%
Amyl and The Sniffers Comfort to Me 2016
13%
At The Drive-In Relationship of Command 1993
13%
Biohazard Urban Discipline 1987
13%
Brand New Deja Entendu 2000
13%
CIV Set Your Goals 1994
13%
Cock Sparrer Shock Troops 1972
13%
Face to Face Don't Turn Away 1991
13%
Gang Green Another Wasted Night 1980
13%
Gogol Bordello Gypsy Punks: Underdog World Strike 1999
13%
Good Riddance A Comprehensive Guide to Modern Rebellion 1986
13%
Government Issue Legless Bull EP 1980
13%
Idles Joy as an Act of Resistance 2009
13%
Le Tigre __ _____ 1998
13%
Madball Set It Off 1988
13%
Magazine Real Life 1977
13%
Millencolin Pennybridge Pioneers 1992
13%
Orchid Dance Tonight! Revolution Tomorrow 1997
13%
The Hives Tyrannosaurus _ _ _ _ _ 1993
13%
The Ruts Babylon’s Burning 1977
13%
The Vibrators Pure Mania 1976
13%
Thrice Artist in the Ambulance 1998
13%
Underoath They’re Only Chasing Safety 1997
13%
Unwound Leaves Turn Inside You 1988
13%
Void _ _ _ _ _/_ _ _ _ Split LP 1980
13%
Youth of Today Break Down the Walls 1985
13%
Dag Nasty Can I Say 1985
11%
Dance Gavin Dance Instant Gratification 2005
11%
Glassjaw Worship and Tribute 1993
11%
Lit A Place in the Sun 1988
11%
Pg. 99 Document 8 1997
11%
Radio Birdman Radios Appear 1974
11%
Saosin _ _ _ _ _ _ 2003
11%
Screaching Weasel My Brain Hurts 1986
11%
Streetlight Manifesto Everything Goes Numb 2002
11%
Strung Out Twisted by Design 1989
11%
The Ataris So Long, Astoria 1996
11%
The Chats Get This in Ya!! 2016
11%
The Gaslight Anthem The '59 Sound 2006
11%
The Gun Club Fire of Love 1980
11%
The Suicide Machines Destruction by Definition 1991
11%
Turbonegro Apocalypse Dudes 1989
11%
Alexisonfire Watch Out! 2001
9%
Box Car Racer ___ ___ _____ 2001
9%
Dicks Kill From the Heart 1980
9%
H2O _ _ _ 1994
9%
Hawthorne Heights If Only You Were Lonely 2001
9%
Knuckle Puck Copacetic 2010
9%
Mekons Fear and Whiskey 1977
9%
Naked Raygun Understand? 1980
9%
Negative Approach Total Recall 1981
9%
Pere Ubu The Modern Dance 1975
9%
PUP The Dream is Over 2010
9%
Pussy Riot Matriarchy Now 2011
9%
Silverstein Discovering the Waterfront 2000
9%
Sugarcult Palm Trees and Power Lines 1998
9%
The Dillinger Escape Plan Calculating Infinity 1997
9%
The Interrupters Fight the Good Fight 2011
9%
The Lurkers Fulham Fallout 1976
9%
The Rezillos Can’t Stand The ________ 1976
9%
The Weirdos Destroy All Music 1975
9%
88 Fingers Louie Back on the Streets 1993
7%
Earth Crisis Destroy the Machines 1989
7%
Fall of Troy Doppelganger 2002
7%
Fucked Up Chemistry of Modern Life 2001
7%
Gob The World According to _ _ _ 1993
7%
Jeff Rosenstock Worry 2015
7%
La Dispute Somewhere at the Bottom of the River Between Vega and Altair 2004
7%
Me First and The Gimme Gimmes __ _____ ___ ___ _____ ______Take a Break 1995
7%
Oingo Boingo Dead Man’s Party 1979
7%
Quicksand Slip 1990
7%
Rich Kids on LSD Rock ‘n’ Roll Nightmare 1982
7%
Senses Fail Let It Enfold You 2001
7%
The Faith _ _ _ _ _/_ _ _ _ Split LP 1981
7%
Title Fight Shed 2003
7%
Bane Give Blood 1995
5%
Botch We Are the Romans 1993
5%
Cap’n Jazz Burritos, Inspiration Point, Fork Balloon Sports, Cards in the Spokes, Automatic Biographies, Kites, Kung Fu, Trophies, Banana Peels We've Slipped On and Egg Shells We've Tippy Toed Over 1989
5%
Die Toten Hosen Opel-Gang 1982
5%
Dillinger Four Midwestern Songs of the Americas 1994
5%
Finch What It Is to Burn 1999
5%
Firehose Ragin', Full-On 1986
5%
From First to Last Dear Diary, My Teen Angst Has a Body Count 1999
5%
Hot Snakes Suicide Invoice 1999
5%
Lifetime Hello Bastards 1990
5%
Mclusky _ _ _ _ _ _ _ Do Dallas 1996
5%
Moss Icon Lyburnum Wits End Liberation Fly 1986
5%
Nation of Ulysses 13-Point Program to Destroy America 1988
5%
Pissed Jeans King of Jeans 2004
5%
Poison Idea Pick Your King 1980
5%
Rites of Spring _____ __ ______ 1983
5%
Rocket from the Crypt Scream, Dracula, Scream! 1990
5%
Slaughter and The Dogs The Slaughterhouse Tapes 1975
5%
Team Dresch Captain My Captain 1993
5%
Teenage Bottlerocket They Came From the Shadows 2000
5%
The Get Up Kids Something to Write Home About 1995
5%
The Lawrence Arms Oh! Calcutta! 1999
5%
The Linda Lindas Growing Up 2018
5%
The Menzingers On the Impossible Past 2006
5%
The Screamers _ _ _ _ _ _ _ _ _ Demo Hollywood 1977 1975
5%
The Story So Far What You Don't See 2007
5%
Touche Amore Stage Four 2007
5%
Youth Brigade (DC) Flex Your Head 1980
5%
Youth Brigade (LA) Sound & Fury 1980
5%
Alternative TV The Image Has Cracked 1977
4%
Big Boys Fat Elvis 1980
4%
Bomb the Music Industry! Adults!!!: Smart!!! Shithammered!!! And Excited by Nothing!!!!!!! 2004
4%
Circle Takes The Square As the Roots Undo 2000
4%
City of Caterpillar ____ __ ___________ 2000
4%
Every Time I Die Low Teens 1998
4%
From Autumn to Ashes The Fiction We Live 2000
4%
Hot Water Music No Division 1994
4%
Jay Reatard Blood Visions 2006
4%
Leatherface Mush 1988
4%
Motion City Soundtrack I Am the Movie 1997
4%
Norma Jean O’ God, the Aftermath 1997
4%
Redd Kross Born Innocent 1980
4%
Saves The Day Stay What You Are 1997
4%
Set Your Goals This Will Be The Death of Us 2004
4%
Skids Scared to Dance 1977
4%
Strike Anywhere Exit English 1999
4%
Swell Maps Jane from Occupied Europe 1977
4%
Swingin’ Utters Five Lessons Learned 1988
4%
Texas is the Reason Do You Know Who You Are? 1994
4%
The Blood Brothers …Burn, Piano Island, Burn 1997
4%
The Promise Ring Nothing Feels Good 1995
4%
The Wonder Years The Greatest Generation 2005
4%
Tiger Army Music from Regions Beyond 1996
4%
Ultravox! Ha! Ha! Ha! 1974
4%
Beatsteaks Smack Smash 1995
2%
Big D and The Kids Table Strictly Rude 1995
2%
Braid Frame & Canvas 1993
2%
Cancer Bats Hail Destroyer 2004
2%
Ceremony Rohnert Park 2005
2%
Cosmic Psychos Go The Hack 1982
2%
Dismemberment Plan Emergency & I 1993
2%
Fear Before the March of Flames Art Damage 2002
2%
Funeral for a Friend Hours 2001
2%
Jerry's Kids Is This My World? 1981
2%
Middle Class Out of Vogue 1977
2%
Neurosis A Sun that Never Sets 1985
2%
Smoking Popes Born to Quit 1991
2%
Soft Play (Slaves) Heavy Jelly 2012
2%
Teenage Head Frantic City 1975
2%
The Bags Survive / Babylonian Gorgon 1977
2%
The Bled Found in the Flood 2001
2%
The Chariot Wars and Rumors of Wars 2003
2%
The Voodoo Glow Skulls Firme 1988
2%
Titus Andronicus The Monitor 2005
2%
Trash Talk Awake 2005
2%
White Lung Paradise 2006
2%
Be Your Own Pet Get Awkward 2004
0%
Don Caballero What Burns Never Returns 1991
0%
Girls Against Boys Freak*on*ica 1989
0%
Metz _ _ _ _ 2007
0%
Mewithoutyou Ten Stories 2001
0%
Modern Life is War Witness 2002
0%
Rival Schools United by Fate 1999
0%
Rufio Perhaps, I Suppose 2000
0%
SNFU Something Green and Leafy This Way Comes 1981
0%
The Chameleons Script of the Bridge 1981
0%
The Flatliners Cavalcade 2002
0%
The Loved Ones Keep Your Heart 2003
0%
No matching quizzes found
Score Distribution
Percent of People with Each Score
Percentile by Number Answered
Your Score History
You have not taken this quiz